[Event "Bad Woerishofen op"]
[Site "Bad Woerishofen"]
[Date "2001.??.??"]
[Round "7"]
[White "Engl, Heinz"]
[Black "Carl, Werner"]
[Result "1-0"]
[WhiteElo "2142"]
[BlackElo "1896"]
[Annotator "ChessOrg"]
[PlyCount "127"]
[EventDate "1998.03.05"]
[Source "ChessBase"]
[SourceDate "1998.04.29"]

1. e4 {B06: Moderne Verteidigung} 1... g6 2. d4 Bg7 3. Nc3 d6 4. Be3 a6 5. f3
b5 6. Qd2 Nd7 7. Nh3 Bb7 8. Be2 c5 9. O-O 9... Ngf6 {letzter Buchzug} 10. Nf2
O-O 11. d5 Rc8 12. a4 b4 13. Ncd1 Ne8 14. Bh6 Nc7 (14... e5 15. Bg5 f6 16. Bh4
$11) 15. Bxg7 Kxg7 16. Ne3 h5 17. Nh3 Rh8 18. c3 a5 19. Nc4 Ne8 20. Rae1 Nef6
21. Ne3 Qb6 22. c4 (22. Ng5 22... Rb8 $14) 22... Rce8 23. b3 Bc8 24. Ng5 Ne5 (
24... Qc7 25. f4 $11) 25. h3 Nh7 26. Nxh7 Kxh7 27. f4 Nd7 28. Bd3 Rhf8 29. Qf2
Qd8 30. Qg3 Rg8 (30... e5 31. dxe6 h4 32. Qg4 Rxe6 33. Bc2 $11) 31. Qf3 (31. e5
31... Rg7 $16) 31... Ref8 32. Re2 (32. e5 $142 32... Kh6 33. exd6 exd6 34. Re2
$14) 32... Qe8 $4 (32... e5 $11 $142) 33. e5 $1 $18 33... Kg7 (33... Nxe5 34.
fxe5) 34. exd6 e6 35. Qg3 Kh8 (35... Kh7 36. dxe6 Qxe6 37. f5 $18) 36. Qh4 (36.
dxe6 $142 36... fxe6 37. Qg5 $18) 36... Qd8 37. Qe7 Nf6 38. dxe6 fxe6 39. Bc2
Qxe7 40. dxe7 Re8 41. g4 Rg7 42. g5 Ng8 43. Ng2 Nxe7 (43... Rexe7 $5 44. Re5
44... Rc7 $16) 44. Re5 $18 44... Nc6 45. Rxc5 Nd4 46. Bd1 Ra7 47. Nh4 Kg7 48.
Nf3 Nxf3+ 49. Bxf3 e5 50. fxe5 Bxh3 51. Re1 Bf5 52. Be4 Rd8 (52... Rf8 53. Bd5
$16) 53. Bd5 (53. Bxf5 gxf5 54. e6 54... Kg6 $18) 53... Rc8 (53... h4 54. e6
$16) 54. Rxc8 $18 54... Bxc8 55. Kf2 (55. e6 55... Re7 $18) 55... Bf5 56. Ke3
Kf8 57. Kd4 Rc7 58. c5 Ke7 (58... h4 59. c6 Ke7 60. Kc5 $18) 59. c6 Be6 (59...
h4 $16 $142) 60. Bxe6 $18 60... Kxe6 61. Kc5 h4 (61... Rc8 62. Kb6 Rb8+ 63.
Kxa5 63... Rc8 $18) 62. Kb6 Rc8 63. Kb7 (63. Kxa5 $6 63... Rxc6 64. Rh1 Rc5+
65. Kxb4 Rxe5 66. Rxh4 66... Rxg5 $18) 63... Rh8 64. c7 (64. c7 Rg8 65. c8=Q+
Rxc8 66. Kxc8 $18) 1-0

[Event "Bad Woerishofen op"]
[Site "Bad Woerishofen"]
[Date "2001.??.??"]
[Round "9"]
[White "Engl, Heinz"]
[Black "Boehm, Roland"]
[Result "1-0"]
[WhiteElo "2142"]
[BlackElo "1879"]
[Annotator "ChessOrg"]
[PlyCount "67"]
[EventDate "1998.03.05"]
[Source "ChessBase"]
[SourceDate "1998.04.29"]

1. e4 {C15: Franzoesische Verteidigung (Nimzowitsch-Variante)} 1... e6 2. d4 d5
3. Nc3 Bb4 4. Nge2 dxe4 5. a3 Bxc3+ 6. Nxc3 Nc6 7. Bb5 Nge7 8. Bg5 f6 9. Be3
O-O 10. O-O {letzter Buchzug} 10... a6 11. Bc4 b5 12. Ba2 Kh8 (12... f5 13. Qd2
$15) 13. Qd2 (13. Nxe4 Nf5 14. c3 14... e5 $11) 13... Nd5 (13... f5 14. Rad1
$15) 14. Nxe4 e5 15. dxe5 Nxe3 16. Qxe3 Nxe5 17. Rad1 Qe7 18. Nc5 Bg4 19. Rde1
Qd6 20. b4 Rae8 21. Qg3 Bh5 22. Qh3 Bg4 23. Qh4 Bf5 24. Rd1 Qc6 25. Bd5 Qb6 26.
Rd2 Ng6 27. Qh5 Ne7 (27... Bc8 28. f4 $11) 28. Bb3 Bg6 29. Qf3 29... Bf7 $2 (
29... Nc6 $14 $142) 30. Nd7 $18 30... Bd5 (30... Qc6 31. Qxc6 Nxc6 32. Nxf8
32... Rxf8 $18) 31. Bxd5 Qd6 32. Nxf8 c6 (32... Rxf8 33. Rfd1 33... f5 $18) 33.
Qh5 Rxf8 34. Bg8 $1 (34. Bg8 Qxh2+ 35. Qxh2 Nxg8 36. Qc7 $18) 1-0

[Event "Bad Woerishofen op"]
[Site "?"]
[Date "2001.??.??"]
[Round "1"]
[White "Epishin, Vladimir"]
[Black "Glas, Stefan"]
[Result "1-0"]
[WhiteElo "2578"]
[BlackElo "2119"]
[Annotator "ChessOrg"]
[PlyCount "85"]
[EventDate "2000.??.??"]

1. d4 {D46: Damengambit (Halbslawisch)} 1... d5 2. c4 c6 3. Nc3 Nf6 4. Nf3 e6
5. e3 Bd6 6. Bd3 Nbd7 7. O-O O-O 8. e4 dxe4 9. Nxe4 Nxe4 10. Bxe4 e5 11. Bc2 {
letzter Buchzug} 11... Re8 12. Re1 exd4 13. Bg5 (13. Rxe8+ Qxe8 14. Qxd4 14...
Bc5 $14) 13... f6 (13... Rxe1+ $5 14. Qxe1 14... Qb6 $15) 14. Qxd4 $11 14...
Ne5 $2 (14... Bxh2+ $5 $142 15. Kxh2 15... fxg5 $11) 15. Nxe5 $16 15... Bxe5
16. Qxd8 Rxd8 17. Rxe5 $1 17... fxg5 (17... fxe5 18. Bxd8 $18) 18. Rae1 Bd7 19.
Rxg5 Re8 20. Kf1 Rad8 21. Ra5 a6 22. Rae5 Rxe5 23. Rxe5 Re8 24. Rxe8+ Bxe8 25.
Ke2 c5 26. Ke3 h6 27. Kf4 Kf7 28. Ke5 Ke7 29. h4 Bf7 30. b3 b6 31. g4 a5 32. a4
Be6 33. Bf5 Bf7 34. f4 Bg8 35. Be4 Be6 36. f5 Bc8 37. Bc6 Ba6 38. g5 hxg5 39.
hxg5 Bc8 40. Bd5 40... Bd7 $2 (40... Kf8 41. f6 $18) 41. f6+ gxf6+ (41... Kf8
42. Kd6 Bf5 43. Kc6 $18) 42. gxf6+ Kf8 43. Kd6 (43. Kd6 Bg4 44. Kc6 $18) 1-0

[Event "Bad Woerishofen op"]
[Site "Bad Woerishofen"]
[Date "2001.??.??"]
[Round "3"]
[White "Epishin, Vladimir"]
[Black "Fuchs, Heinz"]
[Result "1-0"]
[WhiteElo "2578"]
[BlackElo "2328"]
[Annotator "ChessOrg"]
[PlyCount "91"]
[EventDate "1998.03.05"]
[Source "ChessBase"]
[SourceDate "1998.04.29"]

1. d4 {E97: Koenigsindisch (Klassisches System)} 1... Nf6 2. c4 g6 3. Nc3 Bg7
4. e4 d6 5. Nf3 O-O 6. Be2 e5 7. O-O Nc6 8. d5 Ne7 9. b4 Nh5 10. Qc2 {
letzter Buchzug} 10... Nf4 11. Bxf4 exf4 12. Rad1 h6 13. Nd4 g5 14. Bh5 Kh8 15.
c5 Ng8 16. Be2 Be5 17. Nf3 Bg7 18. h3 (18. cxd6 cxd6 (18... Qxd6 $143 19. Nb5
Qxb4 20. a3 $16) 19. Nb5 19... Qe7 $14) 18... h5 (18... f5 19. exf5 a5 20. a3
$11) 19. Nh2 Nf6 20. e5 (20. cxd6 cxd6 (20... Qxd6 $143 21. Nb5 Qxb4 22. Nxc7
$16) 21. Rc1 21... Bd7 $14) 20... dxe5 $11 21. d6 Be6 22. Rfe1 g4 23. Bf1 Nd7
24. dxc7 Qxc7 25. Rd6 a5 26. a3 axb4 27. axb4 Qd8 (27... b6 28. Nd5 Bxd5 29.
Rxd5 $15) 28. Bb5 (28. Qd1 Ra3 29. Bb5 Rxc3 30. Bxd7 30... Bb3 $11) 28... gxh3
$11 29. Nf3 Rg8 (29... Qc8 30. Nd5 hxg2 31. Ng5 $18) 30. Red1 (30. Bxd7 Bxd7
31. Qd1 Bf6 32. Nxe5 Rxg2+ 33. Kh1 Bxe5 34. Rxe5 34... h4 $18) 30... Bf6 (30...
Qf6 31. Bxd7 Bf8 32. Bxe6 Rxg2+ 33. Kf1 33... fxe6 $18) 31. Rxe6 $4 (31. Ne1
Bg4 32. Bxd7 (32. Rxd7 $6 32... Qf8 $16) 32... Bxd1 33. Qxd1 $18 (33. Rxd1 $6
33... hxg2 34. Qe2 34... h4 $14)) 31... Rxg2+ $17 32. Kf1 fxe6 33. Rxd7 (33.
Bxd7 Qg8 34. Ne4 34... h2 $19) 33... Qg8 34. Ne4 $2 (34. Ba4 $17 $142) 34...
Qg6 (34... h2 35. Rh7+ Kxh7 36. Neg5+ Kh8 37. Kxg2 Bxg5 38. Qe4 $19) 35. Bd3 (
35. Rxb7 Ra1+ 36. Ke2 Rxf2+ 37. Nxf2 Qxc2+ 38. Nd2 e4 39. Rb8+ Kh7 40. Rb7+ Kh6
41. Rh7+ Kxh7 42. Nfxe4 Qd1+ 43. Kd3 Ra3+ 44. Nc3 Rxc3+ 45. Ke4 Qxd2 46. c6
Qe3#) 35... h2 36. Nxh2 $2 (36. Rh7+ Kxh7 37. Neg5+ Rxg5 38. Bxg6+ Rxg6 39.
Nxh2 $19) 36... Rxh2 37. Ke2 Qg4+ (37... Bh4 $142 38. Qb3 38... Qg1 $19) 38.
Kd2 Bg7 39. Kc3 (39. Rxb7 Rh1 40. Kc3 $19) 39... Qf3 40. Kc4 Rh1 (40... Rb8 41.
Kb5 $19) 41. Ng5 (41. Rxb7 Rd8 42. Kb5 Qxd3+ (42... Rxd3 $6 43. Rb8+ Bf8 44.
Ng5 $19) 43. Qxd3 43... Rxd3 $19) 41... Qc6 42. Rd6 (42. Be4 Qxd7 43. Bxb7 e4
44. Nf7+ 44... Kg8 $19) 42... Qg2 (42... b5+ 43. Kb3 Ra3+ 44. Kxa3 Qa8+ 45. Kb3
Qa4+ 46. Kc3 e4+ 47. Rd4 Qa1+ 48. Kb3 Bxd4 49. Bxb5 Rb1+ 50. Kc4 Bf6 51. Nxe6
51... Rc1 $19) 43. Nxe6 (43. Be4 f3 (43... Qxg5 $6 44. Bxh1 Ra6 45. Rd7 $17)
44. Nxf3 Qf1+ 45. Qd3 Qa1 46. Rd8+ Bf8 47. Rxa8 47... Qxa8 $19) 43... f3 44.
Kb5 e4 45. Bc4 45... e3 $4 (45... Rg1 46. Qd2 46... Kh7 $16) 46. Nd8 $18 (46.
Nd8 Bf6 47. Rd7 $18) 1-0

[Event "Bad Woerishofen op"]
[Site "Bad Woerishofen"]
[Date "2001.??.??"]
[Round "5"]
[White "Epishin, Vladimir"]
[Black "Farago, Ivan"]
[Result "1/2-1/2"]
[WhiteElo "2578"]
[BlackElo "2453"]
[Annotator "ChessOrg"]
[PlyCount "58"]
[EventDate "1998.03.05"]
[Source "ChessBase"]
[SourceDate "1998.04.29"]

1. d4 {E46: Nimzoindisch (Rubinstein-System)} 1... Nf6 2. c4 e6 3. Nc3 Bb4 4.
e3 O-O 5. Nge2 d5 6. a3 Be7 7. cxd5 exd5 8. g3 c6 9. Bg2 a5 10. O-O Re8 11. Bd2
{letzter Buchzug} 11... Nbd7 (11... Bf5 12. f3 $11) 12. Qc2 Nf8 13. Rad1 Ne6
14. Bc1 b5 15. Rfe1 Ba6 16. Nb1 Qb6 17. Nd2 b4 18. Nf3 Rac8 19. Nf4 Nxf4 20.
exf4 c5 21. Bh3 Rc7 22. dxc5 Bxc5 23. Rxe8+ Nxe8 24. Bf1 (24. Ne5 b3 25. Qd2
25... Nf6 $15) 24... Bxf1 $17 25. Rxf1 Nf6 26. axb4 axb4 27. Kg2 h6 28. Qd1 Rc8
29. h3 Re8 1/2-1/2

[Event "Bad Woerishofen op"]
[Site "Bad Woerishofen"]
[Date "2001.??.??"]
[Round "7"]
[White "Epishin, Vladimir"]
[Black "Lieb, Harald"]
[Result "1-0"]
[WhiteElo "2578"]
[BlackElo "2259"]
[Annotator "ChessOrg"]
[PlyCount "103"]
[EventDate "1998.03.05"]
[Source "ChessBase"]
[SourceDate "1998.04.29"]

1. d4 {E16: Damenindisch (Hauptfortsetzung mit Lb4)} 1... Nf6 2. c4 e6 3. Nf3
Bb4+ 4. Bd2 Qe7 5. g3 b6 6. Bg2 Bb7 7. O-O Bxd2 8. Qxd2 O-O 9. Nc3 Ne4 10. Qc2
{letzter Buchzug} 10... Nxc3 11. Qxc3 d6 12. Rfe1 Nd7 13. e4 e5 14. Rad1 Rfe8
15. Re2 a5 16. b3 Nf6 17. d5 g6 18. Ne1 Nh5 19. Nc2 Bc8 20. Rf1 Bd7 21. f4 Bg4
22. Ref2 exf4 23. gxf4 Bd7 24. Nd4 Ng7 25. Re2 Rac8 26. e5 Bg4 27. Re4 Nf5 28.
h3 Nxd4 29. hxg4 c5 30. Qe1 Qf8 31. Qh4 Qg7 32. e6 f5 (32... Nxe6 33. dxe6) 33.
Re3 fxg4 34. Qxg4 Nf5 35. Rd3 Qf6 (35... Re7 36. Re1 $11) 36. Be4 Nd4 37. Kg2
Re7 38. Rg3 Rg7 39. Bd3 Rf8 40. Re1 Qe7 (40... Qxf4 $4 41. Qxf4 Rxf4 42. e7
Rxe7 43. Rxe7 $18) 41. Rh1 Qf6 42. Rh4 Qe7 43. Kh3 Qe8 44. Rh5 Qe7 45. Rg5 Rf6
46. f5 46... Qf8 $2 (46... Nxf5 47. Bxf5 Rxf5 48. Rxf5 gxf5 49. Qxf5 Rxg3+ 50.
Kxg3 $16) 47. Re3 (47. fxg6 $142 47... h6 48. Rh5 $18) 47... Re7 $4 (47... Kh8
48. fxg6 48... hxg6 $11) 48. fxg6 $18 48... h6 (48... h5 49. Rxh5 49... Rf4 $18
) 49. g7 $1 49... Rf3+ 50. Rxf3 Qxf3+ (50... Qxg7 51. Rxg7+ Rxg7 52. e7 Nf5 53.
e8=Q+ Kh7 54. Bxf5+ Rg6 55. Qgxg6#) 51. Qxf3 Nxf3 (51... Nf5 52. Qxf5 Rxg7 53.
Qf7+ Kh8 54. Qxg7#) 52. Bh7+ $1 (52. Bh7+ Kxh7 53. g8=Q#) 1-0

[Event "Bad Woerishofen op"]
[Site "Bad Woerishofen"]
[Date "2001.??.??"]
[Round "9"]
[White "Epishin, Vladimir"]
[Black "Roeder, Matthias"]
[Result "1/2-1/2"]
[WhiteElo "2578"]
[BlackElo "2456"]
[Annotator "ChessOrg"]
[PlyCount "73"]
[EventDate "1998.03.05"]
[Source "ChessBase"]
[SourceDate "1998.04.29"]

1. d4 {E97: Koenigsindisch (Klassisches System)} 1... Nf6 2. c4 g6 3. Nc3 Bg7
4. e4 d6 5. Nf3 O-O 6. Be2 e5 7. O-O Nc6 8. d5 Ne7 9. b4 c6 10. Be3 {
letzter Buchzug} 10... a5 11. a3 (11. bxa5 Qxa5 12. Qb3 12... Nd7 $11) 11...
Ng4 12. Bg5 cxd5 (12... f6 13. Bh4 $11) 13. Bxe7 $14 13... Qxe7 14. Qxd5 (14.
Nxd5 14... Qd8 $14) 14... Be6 15. Qb5 axb4 16. axb4 f5 (16... Nf6 17. Rfd1 $14)
17. Nd5 $16 17... Bxd5 18. Qxd5+ (18. exd5 $2 18... Rxa1 19. Rxa1 19... e4 $19)
18... Kh8 19. Rxa8 Rxa8 20. Rd1 (20. exf5 gxf5 21. Rd1 Ra2 22. Qxd6 Bf8 23.
Qxe7 23... Bxe7 $14) 20... Ra2 (20... Nf6 $5 21. Qxd6 Qxd6 22. Rxd6 22... Nxe4
$11) 21. Qxd6 $16 21... Qxd6 22. Rxd6 Bf8 23. Rd2 Rxd2 24. Nxd2 Bxb4 25. Nb3
Nf6 26. exf5 gxf5 27. f3 Nd7 28. Kf2 Nc5 29. Na1 Bc3 30. Nc2 Kg7 31. g3 Kf6 32.
Ke3 Ba5 33. f4 exf4+ 34. Kxf4 Ne6+ 35. Kf3 Bb6 36. Bf1 Nd4+ 37. Nxd4 1/2-1/2

[Event "Bad Woerishofen op"]
[Site "Bad Woerishofen"]
[Date "2001.??.??"]
[Round "2"]
[White "Erenska, Hanna"]
[Black "Friedrich, Wolfgang"]
[Result "1-0"]
[WhiteElo "2256"]
[BlackElo "2095"]
[Annotator "ChessOrg"]
[PlyCount "46"]
[EventDate "1998.03.05"]
[Source "ChessBase"]
[SourceDate "1998.04.29"]

1. e4 {C01: Franzoesische Verteidigung (Abtauschvariante)} 1... e6 2. d4 d5 3.
exd5 exd5 4. Nf3 Bg4 5. Qe2+ {letzter Buchzug} 5... Qe7 6. Be3 Nf6 7. Nc3 c6 8.
h3 Bh5 9. g4 Bg6 10. Ne5 Nfd7 (10... Nbd7 11. Nxg6 hxg6 12. Bg2 $14) 11. f4 (
11. Nxg6 hxg6 12. O-O-O 12... Na6 $14) 11... Nxe5 12. dxe5 f5 13. Bg2 Na6 14.
O-O-O 14... Nc5 $2 (14... Nb4 $14 $142) 15. Bxd5 $1 $18 15... cxd5 (15... fxg4
16. hxg4 cxd5 17. Nxd5 Nd3+ 18. Kb1 18... Qd7 $18) 16. Nxd5 Qd7 17. Bxc5 Qc6
18. Bxf8 (18. Nf6+ gxf6 19. exf6+ Qe4 20. Qb5+ Kf7 21. Qb3+ Kxf6 22. g5+ Kg7
23. Rd7+ Be7 24. Rxe7+ Qxe7 25. Bxe7 Rhe8 26. Bf6+ Kf8 27. Qxb7 27... Bf7 $18)
18... Rxf8 (18... Kxf8 19. Qd3 Rc8 20. gxf5 $18) 19. g5 (19. Nf6+ Ke7 20. Rd7+
Qxd7 21. Nxd7 Kxd7 22. Qb5+ Ke6 23. Qc4+ Ke7 24. Qc7+ 24... Ke8 $18) 19... Rc8
(19... Rd8 20. Nb4 Qc5 21. Rxd8+ Kxd8 22. Rd1+ Kc8 23. Qd2 $18) 20. e6 (20.
Nf6+ gxf6 21. exf6+ Qe4 22. Qb5+ 22... Rc6 $18) 20... b5 (20... Rh8 $18) 21. h4
h6 (21... a6 $18) 22. gxh6 gxh6 23. Rhg1 Rg8 (23... Qc4 24. Qxc4 bxc4 25. Rxg6
25... c3 $18) 1-0

[Event "Bad Woerishofen op"]
[Site "Bad Woerishofen"]
[Date "2001.??.??"]
[Round "6"]
[White "Erenska, Hanna"]
[Black "Dittmar, Peter"]
[Result "0-1"]
[WhiteElo "2256"]
[BlackElo "2339"]
[Annotator "ChessOrg"]
[PlyCount "82"]
[EventDate "1998.03.05"]
[Source "ChessBase"]
[SourceDate "1998.04.29"]

1. e4 {C01: Franzoesische Verteidigung (Abtauschvariante)} 1... e6 2. d4 d5 3.
exd5 exd5 4. Nf3 Bd6 5. c4 Nf6 6. h3 {letzter Buchzug} 6... O-O 7. Be2 dxc4 8.
O-O (8. Bxc4 Re8+ 9. Be3 Be6 10. Bxe6 10... Rxe6 $11) 8... b5 9. a4 c6 10. b3
cxb3 11. axb5 cxb5 12. Bxb5 Be6 13. Ng5 Bd5 14. Nc3 Bb4 15. Na4 Nbd7 16. Bd2 (
16. Qd3 16... Qc7 $17) 16... Bxd2 $19 17. Qxd2 h6 18. Nf3 Rb8 19. Bd3 Bxf3 20.
gxf3 Nd5 21. Nb2 (21. Bc4 21... Nc7 $19) 21... Qh4 22. Bf5 Nf4 23. Kh2 (23.
Bxd7 $4 23... Qg5+ 24. Bg4 Nxh3+ 25. Kg2 Qxd2 26. Bxh3 Qxb2 27. Rxa7 27... Qxd4
$19) 23... Rb5 (23... Qg5 24. Bg4 f5 25. Ra5 Nxh3 26. Qxg5 Nxg5 27. Rxf5 $19)
24. Bg4 (24. Bxd7 $4 24... f5 25. Qxf4 Qxf4+ 26. Kg2 26... Rb6 $19) 24... Nxh3
25. Kg2 Rg5 (25... Nf6 26. Rh1 Ne4 27. Qe3 Nf4+ 28. Kg1 $19) 26. Rh1 Rxg4+ 27.
fxg4 Qxg4+ 28. Kf1 Nf4 29. Rh2 Nf6 (29... Re8 30. f3 Qxf3+ 31. Qf2 $19) 30. Qd1
(30. Nc4 30... Rb8 $19) 30... Qe6 (30... Qxd1+ 31. Nxd1 Rd8 32. f3 Rxd4 33. Rb2
$19) 31. Rh4 (31. Rxa7 Rc8 32. Rh4 Qd5 33. Rxf4 33... Rc1 $19) 31... Qe4 32. f3
Qf5 (32... Qe3 $5 $142 33. Nc4 N6d5 34. Nxe3 Nxe3+ 35. Kf2 Nxd1+ 36. Rxd1 36...
Nd5 $19) 33. Qxb3 $15 (33. Rxa7 N6d5 34. Kg1 Ne3 35. Rxf4 35... Qxf4 $19 (35...
Nxd1 36. Rxf5 Nxb2 37. Rb5 $16)) 33... Qg5 34. Rh2 (34. Rxf4 Qxf4 35. Rxa7
35... Qxd4 $19) 34... Qg3 35. Qc2 Qxf3+ 36. Qf2 Ng4 37. Qxf3 Nxh2+ 38. Kf2 Nxf3
39. Kxf3 Nd5 40. Rxa7 Rd8 41. Nc4 Nb4 (41... Nb4 42. Ne5 42... f6 $19) 0-1

[Event "Bad Woerishofen op"]
[Site "Bad Woerishofen"]
[Date "2001.??.??"]
[Round "8"]
[White "Erenska, Hanna"]
[Black "Becker, Alexander"]
[Result "0-1"]
[WhiteElo "2256"]
[BlackElo "1760"]
[Annotator "ChessOrg"]
[PlyCount "110"]
[EventDate "1998.03.05"]
[Source "ChessBase"]
[SourceDate "1998.04.29"]

1. e4 {B52: Sizilianisch (Rossolimo-Variante)} 1... c5 2. Nf3 d6 3. Bb5+ Bd7 4.
Bxd7+ Qxd7 5. O-O Nc6 6. b3 Nf6 7. Re1 g6 8. Bb2 Bg7 9. d3 {letzter Buchzug}
9... O-O 10. Nbd2 b5 11. h3 e5 12. Nf1 Nh5 13. Ne3 Nf4 14. Nd5 Nxd5 15. exd5
Ne7 16. c4 h6 17. Nh2 f5 18. f4 (18. Nf3 $5 $14) 18... exf4 $11 19. Bxg7 Kxg7
20. h4 bxc4 21. bxc4 Rfe8 22. Qd2 Ng8 23. Qxf4 Nf6 24. g3 (24. Nf3 24... a6 $11
) 24... Rab8 $15 25. Qd2 Nh5 26. d4 Qc7 27. Qc3 Kh7 28. dxc5 Qxc5+ 29. Kg2 Rbc8
30. Nf3 f4 31. g4 Ng3 (31... Ng7 32. Rac1 $15) 32. h5 (32. Qf6 Ne4 33. Qf7+ Kh8
34. Re2 $18 (34. Qxf4 $4 34... Qf2+ 35. Kh3 g5 36. Qxe4 36... Rxe4 $19)) 32...
Ne4 $11 33. hxg6+ Kxg6 34. Qd4 (34. Nh4+ $142 34... Kh7 35. Rxe4 Rxe4 36. Qf6
Re2+ 37. Kh1 $11) 34... Qxc4 35. Qxc4 Rxc4 36. Re2 Rec8 37. Rae1 Rc2 38. Nd4
Rxe2+ 39. Rxe2 Ng5 40. Rd2 (40. Rf2 Kf6 41. Nc6 f3+ 42. Kf1 42... Rc7 $19)
40... a6 (40... Rc4 41. Rd3 $19) 41. Nc6 f3+ 42. Kf1 Re8 43. a4 $2 (43. Rd3 $5
$17) 43... Re4 (43... Re3 44. Nb4 $19) 44. Rd4 Rxd4 (44... Re3 $5 45. Rf4 Nh3
46. Rd4 $19) 45. Nxd4 Kf6 46. Nc6 Ne4 47. a5 $4 (47. Nb4 $19 $142) 47... Kg5
48. Nb4 Nc5 (48... Kxg4 $142 49. Nc2 h5 50. Ne3+ Kg3 51. Ke1 $19) 49. Nc2 Kxg4
50. Ne3+ (50. Nd4 50... Ne4 $19) 50... Kf4 51. Nc4 (51. Nd1 51... Ne4 $19)
51... Ne4 52. Kg1 (52. Nb2 52... h5 $19) 52... Kg3 (52... h5 $19 $142) 53. Ne3
(53. Kf1 f2 54. Ke2 $19) 53... f2+ 54. Kh1 Kh3 55. Nf1 h5 (55... h5 56. Ne3
Ng3#) 0-1

[Event "Bad Woerishofen op"]
[Site "?"]
[Date "2001.??.??"]
[Round "1"]
[White "Eschle, Hubert"]
[Black "Mukic, Joschko"]
[Result "0-1"]
[WhiteElo "1875"]
[BlackElo "2263"]
[Annotator "ChessOrg"]
[PlyCount "70"]
[EventDate "2000.??.??"]

1. e4 {B01: Skandinavische Verteidigung} 1... d5 2. exd5 Qxd5 3. Nc3 Qa5 4. Bc4
c6 5. Nf3 Nf6 6. O-O Bf5 7. d4 e6 8. h3 Nbd7 9. Bf4 9... Bb4 {letzter Buchzug}
10. Ne2 h6 11. c3 Be7 12. a4 Qd8 13. Ng3 Bh7 14. Qe2 O-O 15. Rad1 Nd5 16. Bc1
Bd6 17. Ne5 Qc7 18. f4 f6 19. Nd3 Rae8 20. Qf3 (20. Ne4 Bxe4 21. Qxe4 21... f5
$14) 20... a6 21. Rfe1 (21. Ne4 21... e5 $14) 21... b5 (21... N7b6 $5 $142 22.
Bb3 Bxd3 23. Rxd3 23... Bxf4 $11) 22. axb5 $14 22... axb5 23. Bxb5 $4 (23. Bb3
$11 $142) 23... cxb5 $19 24. Rxe6 (24. Ne4 24... Ra8 $19) 24... N7b6 (24...
Rxe6 25. Qxd5 Qc4 26. Qxc4 bxc4 27. f5 $19) 25. Rde1 $2 (25. Re2 $19 $142)
25... Rxe6 26. Rxe6 Qd7 (26... Bxd3 $142 27. Rxd6 Qxd6 28. Qxd3 28... Nxf4 $19)
27. f5 Bxg3 28. Qxg3 Bxf5 29. Rd6 $2 (29. Nc5 Qf7 (29... Bxe6 30. Nxd7 Nxd7 31.
Bxh6 $11) 30. Re1 30... Qg6 $19) 29... Qf7 (29... Qc7 $5 $142 30. Bxh6 Rf7 31.
Nb4 Nxb4 32. cxb4 $19) 30. Nc5 Kh7 31. Qf3 Qg6 (31... Bg6 32. Bf4 Ra8 33. b3
$19) 32. Rxd5 (32. Kh2 $5 $17 $142) 32... Nxd5 $19 33. Qxd5 Bxh3 34. Qf3 Bg4
35. Qb7 (35. Qg3 35... Ra8 $19) 35... Re8 (35... Re8 36. Kh2 36... Re1 $19) 0-1

[Event "Bad Woerishofen op"]
[Site "Bad Woerishofen"]
[Date "2001.??.??"]
[Round "3"]
[White "Eschle, Hubert"]
[Black "Eisenbeis, Norman"]
[Result "0-1"]
[WhiteElo "1875"]
[BlackElo "2162"]
[Annotator "ChessOrg"]
[PlyCount "34"]
[EventDate "1998.03.05"]
[Source "ChessBase"]
[SourceDate "1998.04.29"]

1. e4 {B56: Sizilianisch (Abweichung von Sozin- und Richter/Rauser-Variante)}
1... c5 2. Nf3 Nc6 3. d4 cxd4 4. Nxd4 Nf6 5. Nc3 d6 6. f3 e5 7. Nb3 Be6 8. Be3
Be7 9. Qd2 d5 10. exd5 Nxd5 11. Nxd5 11... Qxd5 {letzter Buchzug} 12. O-O-O (
12. Rd1 Qxd2+ 13. Rxd2 13... O-O $11) 12... Qxd2+ $15 13. Rxd2 Rc8 14. Nc5 (14.
Bb5 14... O-O $11) 14... Bxa2 $17 15. Nxb7 O-O 16. Bb5 $2 (16. Nd6 Bxd6 17.
Rxd6 $14) 16... Nb4 $19 17. Ba4 (17. c3 Nd5 18. Re1 18... Rc7 $19 (18... Nxe3
$6 19. Rxe3 Rb8 20. Ba6 $15)) 17... Nd5 (17... Nd5 18. Rxd5 18... Bxd5 $19) 0-1

[Event "Bad Woerishofen op"]
[Site "Bad Woerishofen"]
[Date "2001.??.??"]
[Round "5"]
[White "Eschle, Hubert"]
[Black "Tschirky, Werner"]
[Result "1-0"]
[WhiteElo "1875"]
[BlackElo "1627"]
[Annotator "ChessOrg"]
[PlyCount "61"]
[EventDate "1998.03.05"]
[Source "ChessBase"]
[SourceDate "1998.04.29"]

1. e4 {B53: Sizilianisch (Ungarische Variante)} 1... c5 2. Nf3 d6 3. d4 cxd4 4.
c3 dxc3 5. Nxc3 Nc6 6. Bc4 e6 7. O-O a6 8. a4 {letzter Buchzug} 8... Bd7 9. Bf4
Qb8 10. Qe2 Nf6 11. h3 Ne5 12. Bb3 Nxf3+ 13. Qxf3 Bc6 14. Rfe1 Be7 15. Rad1 O-O
16. Nd5 Bxd5 17. exd5 e5 18. Bg5 Nxd5 19. Bh6 Nb4 (19... Nc7 $5 $142 20. Qg3
20... Ne8 $17) 20. Qg4 $14 20... Bf6 21. Qxb4 gxh6 22. Rxd6 Bg7 23. Rd7 b5 24.
a5 (24. Red1 $5 $14) 24... Ra7 $11 25. Red1 Rxd7 26. Rxd7 Qc8 27. Qd2 Qc5 28.
g3 b4 (28... e4 29. Qf4 $11) 29. Qd3 (29. Qd5 $142 29... Qxd5 30. Bxd5 $16)
29... Qxa5 $18 30. Qf5 e4 (30... Qa1+ 31. Kh2 31... Qxb2 $18) 31. Qxa5 (31.
Qxa5 e3 32. fxe3 Bf6 33. Rxf7 Rc8 34. Rc7+ Kf8 35. Qc5+ Ke8 36. Bf7+ Kd8 37.
Qd6#) 1-0

[Event "Bad Woerishofen op"]
[Site "Bad Woerishofen"]
[Date "2001.??.??"]
[Round "7"]
[White "Eschle, Hubert"]
[Black "Mentel, Juergen"]
[Result "0-1"]
[WhiteElo "1875"]
[BlackElo "2024"]
[Annotator "ChessOrg"]
[PlyCount "68"]
[EventDate "1998.03.05"]
[Source "ChessBase"]
[SourceDate "1998.04.29"]

1. e4 {B07: Pirc-Ufimzew-Verteidigung} 1... d6 2. d4 Nf6 3. Nc3 c6 4. f4 Qa5 5.
Bd3 e5 6. Nf3 Bg4 7. Be3 7... Qb6 {letzter Buchzug} 8. Qd2 exf4 (8... Qxb2 $143
9. Rb1 Qa3 10. Rb3 $14) 9. Bxf4 Bxf3 10. gxf3 Qxd4 11. O-O-O Nbd7 12. Qe2 Ne5
13. Be3 Nxd3+ 14. Rxd3 Qc4 15. Bf4 Qe6 16. Qd2 O-O-O 17. e5 Nh5 18. Be3 b6 19.
Re1 d5 (19... Qxe5 20. Bxb6 Qxe1+ 21. Qxe1 axb6 22. Na4 $18) 20. Rd4 (20. Ne2
20... c5 $15) 20... h6 (20... Qxe5 $143 21. Bg5 Qf5 22. Bxd8 $16) 21. Ra4 Kb8 (
21... Rd7 22. f4 $17) 22. Qe2 (22. Qf2 c5 23. Qh4 $17) 22... Qd7 (22... Qxe5
23. Rxa7 b5 24. Rxf7 $18) 23. f4 g6 24. e6 (24. f5 $5 $17) 24... fxe6 $19 (
24... Qxe6 25. Qf2 Bd6 26. Bxb6 Qxe1+ 27. Qxe1 axb6 28. Qf1 $14) 25. Bd4 Bg7
26. Bxg7 Nxg7 27. Qe5+ Kb7 28. Rg1 Qf7 29. Rxg6 $4 (29. Ne2 $19 $142) 29...
Qxg6 30. Rxa7+ (30. Rd4 $19) 30... Kxa7 31. Qc7+ Ka6 32. Qxc6 Qg1+ 33. Kd2 Qd4+
34. Ke1 Qc4 (34... Qc4 35. Qxc4+ 35... dxc4 $19) (34... Qxf4 35. h3 $19) 0-1